| 000 | 01024cam a2200277 a 4500 | ||
|---|---|---|---|
| 001 | 1183872 | ||
| 003 | NUST-PNEC | ||
| 005 | 20170116180733.0 | ||
| 008 | 970715s1997 caua 001 0 eng | ||
| 010 | _a 97066155 | ||
| 020 | _a0761510478 | ||
| 040 |
_aDLC _cPNEC |
||
| 050 | 0 | 0 |
_aQA76.73.J38 _bA45 1997 |
| 082 | 0 | 0 |
_a005.133 ALL _221 |
| 100 | 1 | _aAllen, Mitch. | |
| 245 | 1 | 0 |
_aHands on JavaBeans / _cMitch Allen, John B. Harvie. |
| 260 |
_aRocklin, CA : _bPrima Pub., _cc1997. |
||
| 300 |
_axxiv, 447 p. : _bill. ; _c24 cm. |
||
| 500 | _aIncludes index. | ||
| 630 | 0 | 0 | _aJavaBeans. |
| 650 | 0 |
_aJava (Computer program language) _xMIS, Computer |
|
| 856 | _uhttp://www.amazon.com/Hands-Javabeans-Mitch-Allen/dp/0761510478/ref=sr_1_1?s=books&ie=UTF8&qid=1416463546&sr=1-1&keywords=0761510478 | ||
| 906 |
_a7 _bcbc _corignew _d2 _eopcn _f19 _gy-gencatlg |
||
| 942 |
_2ddc _cBK |
||
| 999 |
_c61873 _d61873 |
||